La dictadure de l'argent / (Record no. 51451)

MARC details
000 -LEADER
campo de control de longitud fija 00404nam a2200157 i 4500
001 - NÚMERO DE CONTROL
campo de control 51451
003 - IDENTIFICADOR DE NÚMERO DE CONTROL
campo de control ES-MaACL
005 - FECHA Y HORA DE LA ÚLTIMA TRANSACCIÓN
campo de control 20230906162350.0
007 - CAMPO FIJO DE DESCRIPCIÓN FÍSICA--INFORMACIÓN GENERAL
campo de control de longitud fija t|
008 - DATOS DE LONGITUD FIJA--INFORMACIÓN GENERAL
campo de control de longitud fija 030813s1926 fr ||||1| fre d
100 1# - ENTRADA PRINCIPAL--NOMBRE DE PERSONA
Nombre de persona Chastanet, J. L.
9 (RLIN) 38165
245 13 - MENCIÓN DEL TÍTULO
Título La dictadure de l'argent /
Mención de responsabilidad, etc. J.L. Chastanet.
260 ## - PUBLICACIÓN, DISTRIBUCIÓN, ETC.
Lugar de publicación, distribución, etc. [Lagny :
Nombre del editor, distribuidor, etc. E. Grevin,
Fecha de publicación, distribución, etc. 1926]
300 ## - DESCRIPCIÓN FÍSICA
Extensión 245 p. ;
Dimensiones 19 cm.
852 ## - LOCALIZACIÓN
Ubicación ES-MaACL
Número de control de estantería F-592
Holdings
Estatus retirado Estado de pérdida Estado de daño No para préstamo Biblioteca de origen Biblioteca actual Ubicación en estantería Fecha de adquisición Fuente de adquisición Total de préstamos Signatura topográfica completa Código de barras Visto por última vez Precio de reemplazo Tipo de ítem Koha
        Biblioteca del Ateneo de Madrid Biblioteca del Ateneo de Madrid Depósito 2 17/01/2008     F-592 1054110 23/02/2023 23/02/2023 Libro impreso